Výsledky výskumu názorov slovenských hotelierov na klady a zápory začlenenia hotelov do hotelových reťazcov
Prezentácia prieskumu záujmu slovenských hotelov o začlenenie do hotelových reťazcov a názory hoteliérov na klady a zápory začlenenia hotelov do týchto reťazcov. Výskum sa uskutočnil v mesiacoch február a marec 2006 formou dotazníkov.
Salvato in:
| Autore principale: | |
|---|---|
| Natura: | Capitolo di libro |
| Lingua: | slovacco |
| Soggetti: | |
| Tags: |
Nessun Tag, puoi essere il primo ad aggiungerne!!
|
MARC
| LEADER | 00000naa$a2200000$$$4500 | ||
|---|---|---|---|
| 001 | 0050752 | ||
| 005 | 20240502071603.0 | ||
| 041 | 0 | |a slo | |
| 044 | |a SK | ||
| 245 | 1 | 0 | |a Výsledky výskumu názorov slovenských hotelierov na klady a zápory začlenenia hotelov do hotelových reťazcov |c Anna Sirotková |
| 520 | |a Prezentácia prieskumu záujmu slovenských hotelov o začlenenie do hotelových reťazcov a názory hoteliérov na klady a zápory začlenenia hotelov do týchto reťazcov. Výskum sa uskutočnil v mesiacoch február a marec 2006 formou dotazníkov. | ||
| 610 | 2 | 0 | |a prieskum informačný |
| 610 | 2 | 0 | |a dotazníky |
| 610 | 2 | 0 | |a hotely |
| 610 | 2 | 0 | |a hotelierstvo |
| 100 | 1 | |a Veszprémi Sirotková, Anna, 1966- | |